00867nam a22001937a 450000500170000001000150001702000260003203500130005803700130007108200110008410000190009524500790011426000360019327000540022930000200028350000580030350502930036165000190065420160531122421.0 aENG-115141 a9789385288067c399.00 aEN-98673 bDBAD/PUB a306.77 aDoniger, Wendy aThe mare's trap :bnature and culture in the Kamasutra /cby Wendy Doniger aNew DelhibSpeaking Tigerc2015 a4381/4 Ansari Road, Daryaganj,bNew Delhie110002 a182p.c23cm(Hb) a Includes bibliographical references (pages 167-182). aThe strange and the familiar in the Kamasutra -- The Kautilyan Kamasutra -- The mythology of the Kamasutra -- Women in the Kamasutra -- The third nature : gender inversions in the Kamasutra -- The mare's trap : the nature and culture of sex -- The rise and fall of kama and the Kamasutra. aSexual ethics.